000
00330nam a2200133 4500
999
_c
9581
_d
9581
003
OSt
005
20210705111530.0
008
210705b ||||| |||| 00| 0 eng d
020
_a
9780367136802
082
_a
745.4
_b
ANJ
100
_a
D'Anjou, Philippe
245
_a
Ethical design intelligence : the virtuous designer
942
_2
ddc